|
|
|
|
| LEADER |
00000nam0a2200000 4500 |
| 001 |
55613 |
| 005 |
20231031052444.0 |
| 035 |
|
|
|a (RuTPU)RU\TPU\book\58369
|
| 090 |
|
|
|a 55613
|
| 100 |
|
|
|a 20030918d1974 km y0rusy50 ca
|
| 101 |
0 |
|
|a rus
|
| 102 |
|
|
|a RU
|
| 105 |
|
|
|a a g 001zy
|
| 200 |
1 |
|
|a Обработка металлов резанием
|e справочник технолога
|f Г. А. Монахов, В. Ф. Жданович, Э. М. Родинский и др.
|g Под ред. Г. А. Монахова
|
| 205 |
|
|
|a 3-е изд.
|
| 210 |
|
|
|a Москва
|c Машиностроение
|d 1974
|
| 215 |
|
|
|a 598 с.
|c ил.
|
| 320 |
|
|
|a Библиогр.: с. 582.
|
| 320 |
|
|
|a Предм. указ.: с. 583-596.
|
| 610 |
1 |
|
|a металлобработка
|
| 610 |
1 |
|
|a обработка резанием
|
| 610 |
1 |
|
|a металлорежущие станки
|
| 610 |
1 |
|
|a режущие инструменты
|
| 610 |
1 |
|
|a станочные приспособления
|
| 610 |
1 |
|
|a вспомогательное оборудование
|
| 610 |
1 |
|
|a абразивные инструменты
|
| 610 |
1 |
|
|a средства измерений
|
| 610 |
1 |
|
|a режимы
|
| 610 |
1 |
|
|a режимы резания
|
| 610 |
1 |
|
|a припуски
|
| 610 |
1 |
|
|a справочники
|
| 675 |
|
|
|a 621.91(035)
|v 3
|
| 701 |
|
1 |
|a Монахов
|b Г. А.
|g Георгий Алексеевич
|
| 701 |
|
1 |
|a Жданович
|b В. Ф.
|g Владимир Федорович
|
| 701 |
|
1 |
|a Родинский
|b Э. М.
|g Элья Маркович
|
| 701 |
|
1 |
|a Гай
|b Л. Б.
|
| 701 |
|
1 |
|a Кузнецов
|b Ю. И.
|
| 702 |
|
1 |
|a Монахов
|b Г. А.
|g Георгий Алексеевич
|4 340
|
| 801 |
|
1 |
|a RU
|b 63413507
|c 20030918
|g PSBO
|
| 801 |
|
2 |
|a RU
|b 63413507
|c 20230221
|g PSBO
|
| 942 |
|
|
|c BK
|